000 00330nam a2200145 i 4500
001 bg
100 1 _aDŻEFFRIS, K.
245 0 _aDinamiceskaja orientacija jader /
_cK.Dżeffris.
260 _aMoskva,
_c1965.
040 _cBPK
041 _apol
080 _a539.14
942 _cKS
008 s pl f |000 0 pol
999 _c25522
_d25522
856 _uhttp://koha.tu.koszalin.pl/cgi-bin/koha/opac-detail.pl?biblionumber=25522
_yKatalog online BPK